Familias y terapia familiar
Na minha lista:
| Autor principal: | |
|---|---|
| Formato: | Livro |
| Idioma: | espanhol |
| Publicado em: |
Ciudad de México
Gedisa Mexicana
1983
|
| coleção: | Colección Psicoteca Mayor
|
| Assuntos: | |
| Tags: |
Adicionar Tag
Sem tags, seja o primeiro a adicionar uma tag!
|
MARC
| LEADER | 00000nam a2200000 a 4500 | ||
|---|---|---|---|
| 001 | UCZ6585 | ||
| 003 | CL-VaPUC | ||
| 008 | 951211e19830000MX |||||||||||||||||spa|d | ||
| 082 | 0 | 4 | |a 616.891 |b MIN |2 21 |
| 100 | |a Minuchin, Salvador |e autor |9 564483 | ||
| 245 | 1 | 0 | |a Familias y terapia familiar |
| 300 | |a 349 p | ||
| 942 | |c BK | ||
| 945 | |d 19951211 00:00:00 |a lriquelm | ||
| 260 | |a Ciudad de México |b Gedisa Mexicana |c 1983 | ||
| 650 | 0 | |a Familias |9 255641 | |
| 650 | 0 | |a Terapia |9 334442 | |
| 650 | 7 | |a PSICOTERAPIA |2 CL-VaPUC |9 350975 | |
| 650 | 0 | |a Psicoanálisis |9 265702 | |
| 650 | 7 | |a INVESTIGACION PSICOLOGICA |2 CL-VaPUC |9 309030 | |
| 583 | |a last modification |c 19951211 00:00:00 |k Rodrigo Vera | ||
| 490 | 0 | |a Colección Psicoteca Mayor | |
| 999 | |c 242782 |d 242780 | ||
| 952 | |0 0 |1 0 |4 0 |6 616_891000000000000_MIN_1983 |7 0 |8 A |9 255958 |a BIBEDU |b BIBEDU |c ES_NOD |d 2019-11-19 |i 160595K |o 616.891 MIN 1983 |p 160595K |r 2023-08-09 |w 2019-11-19 |y BK |k EDU | ||